Konkurencieschopnosť slovenských univerzít?

Bibliographic Details
Main Author: Návrat, Pavol, 1952- (Author)
Format: Article
Language:Slovak
PhysicalDescription:Fotogr.
ISSN:1335-566X
Subjects:

MARC

LEADER 00000nab a2200000 a 4500
001 vtls008900199
003 SK-MaSNL
005 20260304143900.0
008 250505c2006 xo qr|p|||||||000 b|slo
015 |a SNBRB2006/12  |2 snkbucl 
035 |a (sysno)vtls008900199 
035 |a urn:nbn:sk:snk-ab7bn6 
035 |a (uuid)f5c31dd9-92de-4724-b1dc-d180f49133be 
035 |a (urnnbn)urn:nbn:sk:snk:ar-a07hjp 
040 |a SNKBUCL  |b slo  |c SNKBUCL  |e AACR2 
041 0 |a slo  |b eng 
044 |a xo  |c SK 
080 |a 378.4  |x (437.6)  |2 2001 
100 1 |a Návrat, Pavol,  |d 1952-  |4 aut  |9 208939 
245 1 0 |a Konkurencieschopnosť slovenských univerzít?  |c Pavol Návrat 
300 |b Fotogr. 
546 |a Res. angl. 
650 0 7 |a slovenské univerzity  |2 snkbucl  |9 1465086 
650 0 7 |a konkurencieschopnosť  |2 snkbucl  |9 15191 
773 0 |t Forum scientiae et sapientiae  |g Roč. XIII, č. 2 (2006), s. 6-9  |x 1335-566X 
850 |a Slovenská národná knižnica 
852 |a Slovenská národná knižnica 
954 |a odborná, vedecká literatúra pôvodná (slovenská)  |2 lita 
958 |a article27 
958 |a SK 
958 |a OND 
958 |a EUIPO 
999 |c 2928049  |d 2929979